ბათუმის შოთა რუსთაველის სახელმწიფო უნივერსიტეტის ბიბლიოთეკა

Взаимозаменяемость,стардартизация и технические измерения (ბიბ.ჩანაწერი № 37239)

000 -LEADER
fixed length control field 00691nam a2200229Ia 4500
001 - CONTROL NUMBER
control field 3198
003 - CONTROL NUMBER IDENTIFIER
control field GE_BSU
008 - FIXED-LENGTH DATA ELEMENTS--GENERAL INFORMATION
fixed length control field 181216s||||||||xx |||||||||||||| ||und||
040 ## - CATALOGING SOURCE
Transcribing agency GE_BSU
080 ## - UNIVERSAL DECIMAL CLASSIFICATION NUMBER
Universal Decimal Classification number 006
100 ## - MAIN ENTRY--PERSONAL NAME
Personal name Якушев,А.И
245 ## - TITLE STATEMENT
Title Взаимозаменяемость,стардартизация и технические измерения
245 ## - TITLE STATEMENT
Remainder of title Учебник для втузов
245 ## - TITLE STATEMENT
Statement of responsibility, etc. А.И.Якушев,Л.Н.Воронцов,Н.М.Федоров
250 ## - EDITION STATEMENT
Edition statement Изд 6-ое.Перераб.и доп.
260 ## - PUBLICATION, DISTRIBUTION, ETC.
Place of publication, distribution, etc. М
260 ## - PUBLICATION, DISTRIBUTION, ETC.
Name of publisher, distributor, etc. Машиностроение
260 ## - PUBLICATION, DISTRIBUTION, ETC.
Date of publication, distribution, etc. 1986
300 ## - PHYSICAL DESCRIPTION
Extent 352 стр.
300 ## - PHYSICAL DESCRIPTION
Other physical details илл.
942 ## - ADDED ENTRY ELEMENTS (KOHA)
Koha item type წიგნი
ეგზემპლარები
Withdrawn status Lost status Damaged status Not for loan Date acquired Barcode Date last seen Price effective from Koha item type
        2018-12-17 8491 2018-12-17 2018-12-17 წიგნი
        2018-12-17 8492 2018-12-17 2018-12-17 წიგნი
        2018-12-17 8493 2018-12-17 2018-12-17 წიგნი
        2018-12-17 8494 2018-12-17 2018-12-17 წიგნი